Chitrapat sangeet mein tantri vadyon ka badhta prayog: Adhunik kal ke sandarbh mein ek vishleshnatmak adhyayan (Record no. 127515)

MARC details
000 -LEADER
fixed length control field 00385nam a2200133Ia 4500
008 - FIXED-LENGTH DATA ELEMENTS--GENERAL INFORMATION
fixed length control field 230917s9999||||xx |||||||||||||| ||und||
040 ## - CATALOGING SOURCE
-- 248060
Original cataloging agency VIVEKANANDA LIBRARY
041 ## - Language
-- English
082 ## - DDC NUMBER
Classification number 785 H228C
100 ## - MAIN ENTRY--PERSONAL NAME
Personal name Harmeet Kaur
245 #0 - TITLE STATEMENT
Title Chitrapat sangeet mein tantri vadyon ka badhta prayog: Adhunik kal ke sandarbh mein ek vishleshnatmak adhyayan
260 ## - PUBLICATION, DISTRIBUTION, ETC. (IMPRINT)
Date of publication, distribution, etc 2016
942 ## - ADDED ENTRY ELEMENTS (KOHA)
Koha item type Thesis
Holdings
Withdrawn status Lost status Damaged status Not for loan Location (home branch) Sublocation or collection (holding branch) Date acquired Koha issues (times borrowed) Koha full call number Accession No. Koha date last seen Koha item type
        VIVEKANANDA LIBRARY VIVEKANANDA LIBRARY 04/06/2018   785 H228C 223366 17/09/2023 Thesis
© Designed and Maintained by Vivekananda Library, MDU Rohtak